Statistics for This is Spain - Pictures

Click here to take the quiz!

General Stats

  • This quiz has been taken 52 times
  • The average score is 12 of 20

Answer Stats

Answer% Correct
Rafael Nadal
91%
Salvador Dali
89%
Guernica / Picasso
87%
Pablo Picasso
87%
Columbus / Barcelona
83%
Flamenco
81%
Madrid
81%
Paella
81%
Sagrada Familia
74%
Barcelona
70%
Olives
70%
Don Quixote / Cervantes
60%
Alhambra
55%
Guggenheim Museum
53%
Running of the Bulls
36%
Segovia / Aquaduct
32%
Ebro River
21%
Ibiza
19%
Pablo Casals
11%
Altamira Cave Painting
6%

Score Distribution

Percentile by Number Answered

Percent of People with Each Score

Your Score History

You have not taken this quiz